[Event "Moscow Open 2007"]
[Site "Moscow"]
[Date "2007.01.28"]
[Round "2"]
[White "Repina, Varvara"]
[Black "Prokopchuk, Evgeny"]
[Result "1-0"]
[WhiteElo "2200"]
[BlackElo "2516"]
[PlyCount "77"]
[EventDate "2007.??.??"]

1. e4 c5 2. Nf3 d6 3. d4 cxd4 4. Nxd4 Nf6 5. f3 a6 6. c4 e6 7. Nc3 Be7 8. Be3
O-O 9. Be2 b6 10. O-O Bb7 11. Qd2 Nbd7 12. a4 Rb8 13. Rfb1 Qc7 14. b4 Ne5 15.
Rc1 Rfc8 16. Nb3 Qd8 17. a5 Nxc4 18. Bxc4 Rxc4 19. Bxb6 Qe8 20. Nd1 Rbc8 21.
Rxc4 Rxc4 22. Nb2 Rc8 23. Nd3 e5 24. Re1 Qa4 25. Nbc1 Rc2 26. Qd1 Bc6 27. Bf2
h6 28. Re2 Rc3 29. Qd2 Qa3 30. Be1 Rc4 31. Nb2 Rxc1 32. Qxc1 Bb5 33. Re3 Qa2
34. Nd1 Kh7 35. Nc3 Qc4 36. Bd2 Bc6 37. Qf1 Qd4 38. Qd3 Nh5 39. Nd5 1-0

[Event "Moscow Open 2007"]
[Site "Moscow"]
[Date "2007.01.28"]
[Round "2"]
[White "Pluzhnik, Mikhail"]
[Black "Iljushin, Alexei"]
[Result "0-1"]
[WhiteElo "2198"]
[BlackElo "2510"]
[PlyCount "104"]
[EventDate "2007.??.??"]

1. e4 c5 2. Nf3 Nc6 3. d4 cxd4 4. Nxd4 Nf6 5. Nc3 d6 6. Bg5 Bd7 7. Qd2 Rc8 8.
f3 Nxd4 9. Qxd4 Qa5 10. Qd2 a6 11. a3 h6 12. Be3 g6 13. Be2 Bg7 14. O-O O-O 15.
Bd3 Kh7 16. Qf2 Rc6 17. Rad1 Be6 18. g4 Rfc8 19. Qh4 Kg8 20. Kh1 g5 21. Qf2 d5
22. Bd4 dxe4 23. Nxe4 Nd5 24. Bxg7 Kxg7 25. Ng3 Nf4 26. Nf5+ Bxf5 27. Bxf5 Rd8
28. c3 Rcd6 29. Qc2 Qb5 30. b4 Rd2 31. c4 Rxd1 32. Rxd1 Rxd1+ 33. Qxd1 Qxc4 34.
Be4 b6 35. Qg1 b5 36. h4 gxh4 37. g5 h5 38. Qf2 e5 39. g6 fxg6 40. Kh2 Qc3 41.
Bc2 Qxa3 42. Qd2 Kh6 43. Bxg6 Qxf3 44. Bc2 Qe2+ 45. Qxe2 Nxe2 46. Be4 Kg5 47.
Bb7 Nd4 48. Bxa6 e4 49. Bc8 e3 50. Kg1 h3 51. Bxh3 e2 52. Kf2 Nf3 0-1

[Event "Moscow Open 2007"]
[Site "Moscow"]
[Date "2007.01.28"]
[Round "2"]
[White "Dobrov, Vladimir"]
[Black "Pasalic, Kharun"]
[Result "1-0"]
[WhiteElo "2479"]
[BlackElo "2197"]
[PlyCount "49"]
[EventDate "2007.??.??"]

1. d4 Nf6 2. c4 g6 3. Nc3 c5 4. d5 Bg7 5. e4 O-O 6. e5 Ne8 7. Nf3 d6 8. exd6
Nxd6 9. Bd3 e5 10. Bg5 f6 11. Be3 b6 12. Nd2 f5 13. f3 e4 14. fxe4 Bxc3 15.
bxc3 fxe4 16. Be2 Bh3 17. g3 Nd7 18. Bg4 Bxg4 19. Qxg4 Nf5 20. Bf4 Qf6 21. Rc1
Rae8 22. O-O e3 23. Nf3 e2 24. Rfe1 Ne3 25. Qxd7 1-0

[Event "Moscow Open 2007"]
[Site "Moscow"]
[Date "2007.01.28"]
[Round "2"]
[White "Reshetnikov, Alexey"]
[Black "Venevtsev, Andrey"]
[Result "1-0"]
[WhiteElo "2388"]
[BlackElo "2181"]
[PlyCount "67"]
[EventDate "2007.??.??"]

1. e4 e6 2. d4 d5 3. Nc3 Bb4 4. e5 c5 5. a3 Bxc3+ 6. bxc3 Qc7 7. Nf3 Nc6 8. Be2
Nge7 9. O-O Bd7 10. Qd2 O-O-O 11. a4 f6 12. exf6 gxf6 13. c4 Rhg8 14. Re1 e5
15. dxe5 fxe5 16. cxd5 Bh3 17. g3 Nxd5 18. Qh6 Bf5 19. Bb2 Nd4 20. Bxd4 exd4
21. Bc4 Kb8 22. Re5 Bg4 23. Rxd5 Bxf3 24. Rf5 Rg6 25. Qh4 Bc6 26. Rxc5 Qd6 27.
Qh5 b6 28. Re5 Rf8 29. Rae1 Rh6 30. Qg5 Rhf6 31. Re6 Qb4 32. Qe5+ Kc8 33. Ba6+
Kd8 34. Rxf6 1-0

[Event "Moscow Open 2007"]
[Site "Moscow"]
[Date "2007.01.28"]
[Round "2"]
[White "Arslanov, Shamil"]
[Black "Orlinkov, Maxim L"]
[Result "1/2-1/2"]
[WhiteElo "2192"]
[BlackElo "2377"]
[PlyCount "115"]
[EventDate "2007.??.??"]

1. e4 e5 2. Nf3 d6 3. d4 exd4 4. Nxd4 Nf6 5. Nc3 Be7 6. Bc4 O-O 7. O-O Nxe4 8.
Nxe4 d5 9. Bd3 dxe4 10. Bxe4 Nd7 11. Bf4 Nf6 12. Bf3 a6 13. Qd3 Bd6 14. Bxd6
Qxd6 15. Rad1 Qb6 16. Qb3 Qxb3 17. Nxb3 Re8 18. h3 Rb8 19. Na5 Kf8 20. b4 c6
21. c4 Be6 22. a4 Nd7 23. Rfe1 Nb6 24. c5 Nxa4 25. Re3 Nb2 26. Rc1 Red8 27. Be4
Rd4 28. Re2 Na4 29. Bxc6 bxc6 30. Nxc6 Rdxb4 31. Nxb4 Rxb4 32. c6 Rb8 33. Ra1
Nc3 34. Rc2 Nd5 35. c7 Rc8 36. Rc6 Rxc7 37. Rcxa6 g5 38. Ra7 Rxa7 39. Rxa7 Kg7
40. Ra4 Kg6 41. h4 h6 42. hxg5 hxg5 43. Kf1 f5 44. g3 Kf6 45. Ke1 Ke5 46. Kd2
Bd7 47. Ra3 Bb5 48. f3 f4 49. gxf4+ gxf4 50. Ra8 Ne3 51. Rb8 Bc6 52. Ke2 Nf5
53. Rc8 Nd4+ 54. Kf2 Bxf3 55. Re8+ Kf5 56. Rf8+ Ke4 57. Re8+ Kd3 58. Rf8
1/2-1/2

[Event "Moscow Open 2007"]
[Site "Moscow"]
[Date "2007.01.28"]
[Round "2"]
[White "Grabuzova, Tatiana"]
[Black "Morev, Ivan"]
[Result "0-1"]
[WhiteElo "2357"]
[BlackElo "2178"]
[PlyCount "106"]
[EventDate "2007.??.??"]

1. d4 g6 2. c4 Bg7 3. e4 d6 4. Nc3 Nf6 5. Be2 O-O 6. Nf3 e5 7. d5 Nbd7 8. O-O
a6 9. Bg5 h6 10. Bh4 Qe8 11. Nd2 Nh7 12. b4 b6 13. Nb3 h5 14. f3 f5 15. Bf2 f4
16. a4 g5 17. a5 bxa5 18. Rxa5 Bf6 19. c5 Bd8 20. c6 Ndf6 21. b5 g4 22. bxa6
Qg6 23. a7 g3 24. hxg3 fxg3 25. Be3 Ne8 26. Ba6 Bxa6 27. Rxa6 Qf6 28. Qe2 Qh4
29. Rb1 Nef6 30. Nd2 Qh2+ 31. Kf1 Qh1+ 32. Bg1 Ng4 33. Qe1 Nh2+ 34. Ke2 Qxg2+
35. Kd3 Bg5 36. Qe2 Qxe2+ 37. Kxe2 Bxd2 38. Kxd2 Nxf3+ 39. Ke3 Nd4 40. Kd3 h4
41. Bxd4 exd4 42. Nb5 g2 43. Rg1 h3 44. Nxc7 Kh8 45. Raa1 Ng5 46. Nxa8 Rxa8 47.
Rxg2 hxg2 48. e5 Rxa7 49. Rg1 Ra3+ 50. Kxd4 Nf3+ 51. Ke4 Nxg1 52. exd6 Ra8 53.
Ke3 Nf3 0-1

[Event "Moscow Open 2007"]
[Site "Moscow"]
[Date "2007.01.28"]
[Round "2"]
[White "Kineva, Ekaterina"]
[Black "Onoprienko, Vladimir"]
[Result "1-0"]
[WhiteElo "2190"]
[BlackElo "2354"]
[PlyCount "59"]
[EventDate "2007.??.??"]

1. e4 c5 2. Nf3 Nc6 3. d4 cxd4 4. Nxd4 g6 5. c4 Bg7 6. Be3 Qb6 7. Nxc6 Qxc6 8.
Qc2 Nf6 9. Bd3 O-O 10. O-O Ng4 11. Bd2 Qd6 12. g3 b6 13. Nc3 Bb7 14. Nd5 e6 15.
Bb4 Qe5 16. Bxf8 Rxf8 17. Nf4 Bh6 18. Ng2 Qh5 19. h4 Qc5 20. b4 Qxb4 21. Rab1
Qe7 22. c5 f5 23. cxb6 axb6 24. Rxb6 Ba8 25. exf5 gxf5 26. Re1 f4 27. Qc7 f3
28. Rbxe6 Qxe6 29. Rxe6 dxe6 30. Qxh7# 1-0

[Event "Moscow Open 2007"]
[Site "Moscow"]
[Date "2007.01.28"]
[Round "2"]
[White "Lelekova, Olga"]
[Black "Hambartsumian, Yuri"]
[Result "0-1"]
[WhiteElo "2184"]
[BlackElo "2354"]
[PlyCount "80"]
[EventDate "2007.??.??"]

1. e4 e5 2. Nf3 Nc6 3. Bb5 f5 4. d3 fxe4 5. dxe4 Nf6 6. Nc3 Bc5 7. O-O d6 8.
Bg5 h6 9. Bh4 a6 10. Bc4 Bg4 11. Be2 g5 12. Bg3 Bxf3 13. Bxf3 h5 14. h4 g4 15.
Be2 Nd4 16. Bd3 Nh7 17. Na4 Ba7 18. c3 Nc6 19. c4 Bd4 20. Qb3 Na5 21. Qc2 Nf8
22. Rab1 Ng6 23. b4 Nc6 24. c5 Nxh4 25. b5 axb5 26. Bxb5 Ng6 27. cxd6 Qxd6 28.
Rfd1 O-O 29. Kh1 h4 30. Bh2 Kg7 31. Bg1 Nf4 32. Nc3 g3 33. Bf1 Rh8 34. Nb5 Qd7
35. Rb3 Kf6 36. Rf3 h3 37. Rxf4+ exf4 38. gxh3 Rxh3+ 39. Kg2 Rah8 40. fxg3
Rxg3# 0-1

[Event "Moscow Open 2007"]
[Site "Moscow"]
[Date "2007.01.28"]
[Round "2"]
[White "Reutsky, Sergei"]
[Black "Babushkin, Eduard"]
[Result "1-0"]
[WhiteElo "2353"]
[BlackElo "2170"]
[PlyCount "83"]
[EventDate "2007.??.??"]

1. e4 c5 2. Nf3 e6 3. d4 cxd4 4. Nxd4 a6 5. Nc3 Qc7 6. g3 Nf6 7. Bg2 Nc6 8. O-O
Be7 9. Re1 Nxd4 10. Qxd4 Bc5 11. Qd1 d6 12. Bg5 Bd7 13. Qf3 Bd4 14. Rad1 Be5
15. Qd3 Rc8 16. f4 Qc5+ 17. Qe3 Bxc3 18. bxc3 Qxe3+ 19. Rxe3 Ng4 20. Red3 f6
21. Bh4 Bb5 22. Rxd6 Ne3 23. R1d4 Nc4 24. Rxe6+ Kf7 25. Bh3 Rcd8 26. e5 Rxd4
27. cxd4 Bd7 28. Rxf6+ gxf6 29. Bxd7 Rd8 30. Bf5 Rxd4 31. Bxf6 Rd2 32. Bg5 Ne3
33. e6+ Ke8 34. Bxh7 Rg2+ 35. Kh1 Re2 36. h4 Re1+ 37. Kh2 Ng4+ 38. Kh3 Ne3 39.
g4 Nd5 40. f5 Re2 41. Bg6+ Kf8 42. f6 1-0

[Event "Moscow Open 2007"]
[Site "Moscow"]
[Date "2007.01.28"]
[Round "2"]
[White "Shkurikhin, Ilia"]
[Black "Davydenko, Andrey"]
[Result "1-0"]
[WhiteElo "2350"]
[BlackElo "2167"]
[PlyCount "107"]
[EventDate "2007.??.??"]

1. d4 c5 2. c3 Nf6 3. Nf3 g6 4. Bf4 Bg7 5. dxc5 a5 6. Nbd2 Na6 7. e4 Nxc5 8. e5
Nd5 9. Bg3 b6 10. Nb3 Nc7 11. h4 Ne4 12. Bf4 Bb7 13. Nbd4 Nd5 14. Bh2 Bh6 15.
Bd3 Nf4 16. Bxf4 Bxf4 17. h5 g5 18. Ne2 Qc7 19. Nxf4 gxf4 20. Bxe4 Bxe4 21. Qd4
Qb7 22. O-O-O O-O-O 23. Rhe1 Bxf3 24. gxf3 Qc6 25. Qxf4 Qe6 26. Qe4 Kb8 27. Kb1
Rc8 28. Rd5 Rc7 29. Red1 h6 30. f4 Qc6 31. f3 Re8 32. f5 Rec8 33. Qf4 Ka7 34.
Qd4 Kb7 35. f6 exf6 36. exf6 Rd8 37. Rd6 Qb5 38. Qe4+ Kb8 39. Qe7 Rdc8 40. R6d5
Qa4 41. Qxf7 d6 42. Qg6 Qc4 43. Rxd6 b5 44. Qe4 Qc5 45. R6d5 Qc6 46. Rd6 Qc5
47. Ra6 Rb7 48. Qf4+ Rbc7 49. Rxa5 Qb6 50. Ra3 Rf8 51. Qe4 Qc6 52. Qe5 Kb7 53.
Rd5 Kb6 54. Rb3 1-0

[Event "Moscow Open 2007"]
[Site "Moscow"]
[Date "2007.01.28"]
[Round "2"]
[White "Romashko, Andrei"]
[Black "Tjurin, Alexander P"]
[Result "1/2-1/2"]
[WhiteElo "2177"]
[BlackElo "2344"]
[PlyCount "52"]
[EventDate "2007.??.??"]

1. e4 e5 2. Nf3 Nc6 3. Bb5 a6 4. Ba4 Nf6 5. Qe2 d6 6. c3 b5 7. Bc2 Be7 8. O-O
O-O 9. d4 Bb7 10. Rd1 Qe8 11. d5 Nb8 12. Nh4 Nbd7 13. Rd3 Kh8 14. Rh3 g6 15.
Bg5 Nh5 16. Bh6 Nf4 17. Bxf4 exf4 18. g3 Bc8 19. gxf4 Nc5 20. f5 Bxh4 21. Rxh4
Qe7 22. Qg4 gxf5 23. Rxh7+ Kxh7 24. Qh3+ Kg7 25. Qg3+ Kh6 26. Qh3+ Kg7 1/2-1/2

[Event "Moscow Open 2007"]
[Site "Moscow"]
[Date "2007.01.28"]
[Round "2"]
[White "Kurukin, Dmitry"]
[Black "Vasilkova, Svetlana"]
[Result "1/2-1/2"]
[WhiteElo "2164"]
[BlackElo "2336"]
[PlyCount "85"]
[EventDate "2007.??.??"]

1. d4 Nf6 2. c4 e6 3. Nc3 c5 4. d5 exd5 5. cxd5 d6 6. g3 g6 7. Bg2 Bg7 8. Nf3
O-O 9. O-O Re8 10. Re1 a6 11. a4 Ne4 12. Qb3 Qc7 13. Nd2 Nxd2 14. Bxd2 Nd7 15.
Ne4 Rb8 16. Bf4 Ne5 17. Bg5 Kh8 18. Bf6 b5 19. axb5 axb5 20. f4 Nd7 21. Bxg7+
Kxg7 22. Qc3+ f6 23. b4 c4 24. Qd4 Qb6 25. Qxb6 Rxb6 26. Ra7 f5 27. Nc3 Bb7 28.
Kf2 Nf6 29. h3 Kh6 30. e3 g5 31. Bf3 Kg6 32. g4 h6 33. Ra5 gxf4 34. exf4 Rxe1
35. Kxe1 Bc8 36. Rxb5 Rxb5 37. Nxb5 fxg4 38. hxg4 Bxg4 39. Bxg4 Nxg4 40. Nxd6
Ne3 41. b5 Nxd5 42. Nxc4 Kf5 43. b6 1/2-1/2

[Event "Moscow Open 2007"]
[Site "Moscow"]
[Date "2007.01.28"]
[Round "2"]
[White "Kadimova, Ilaha"]
[Black "Khropova, Larisa"]
[Result "1-0"]
[WhiteElo "2333"]
[BlackElo "2163"]
[PlyCount "81"]
[EventDate "2007.??.??"]

1. d4 Nf6 2. c4 e6 3. Nc3 Bb4 4. Qc2 b6 5. a3 Bxc3+ 6. Qxc3 Ne4 7. Qc2 Bb7 8.
Nf3 O-O 9. g3 d6 10. Bg2 Qc8 11. O-O f5 12. b4 c5 13. Bb2 Nd7 14. Rfd1 Qc7 15.
d5 exd5 16. cxd5 g6 17. Nd4 Ndf6 18. Ne6 Qe7 19. Nxf8 Rxf8 20. Qb3 h6 21. b5
Rd8 22. Rd3 Qf7 23. Rad1 Rc8 24. Qc4 Re8 25. f3 Ng5 26. Qc3 Ngh7 27. e4 Kf8 28.
Re3 Qd7 29. a4 a6 30. Bf1 a5 31. Bc4 h5 32. Rde1 Qc7 33. exf5 Rxe3 34. Qxe3
gxf5 35. Qh6+ Kf7 36. Re6 Qd8 37. Qf4 Bxd5 38. Rxd6 Qa8 39. Bxd5+ Nxd5 40.
Qxf5+ Ndf6 41. Bxf6 1-0

[Event "Moscow Open 2007"]
[Site "Moscow"]
[Date "2007.01.28"]
[Round "2"]
[White "Rasstriguine, Andrei"]
[Black "Kruchev, Boris"]
[Result "0-1"]
[WhiteElo "2161"]
[BlackElo "2328"]
[PlyCount "50"]
[EventDate "2007.??.??"]

1. d4 Nf6 2. c4 e6 3. Nf3 b6 4. a3 Bb7 5. Nc3 d5 6. cxd5 Nxd5 7. e3 Be7 8. Bb5+
c6 9. Bd3 O-O 10. Nxd5 exd5 11. Qc2 h6 12. Bd2 c5 13. O-O Nd7 14. Rfd1 Bd6 15.
Bb5 Nf6 16. dxc5 bxc5 17. b4 c4 18. Bc3 Qe7 19. Qb2 Rac8 20. Bd4 a6 21. Ba4 Ne4
22. Ra2 f5 23. Be5 Bxe5 24. Qxe5 Qxe5 25. Nxe5 Nc3 0-1

[Event "Moscow Open 2007"]
[Site "Moscow"]
[Date "2007.01.28"]
[Round "2"]
[White "Nebolsina, Vera"]
[Black "Omariev, Maksim"]
[Result "0-1"]
[WhiteElo "2324"]
[BlackElo "2153"]
[PlyCount "92"]
[EventDate "2007.??.??"]

1. d4 d5 2. c4 c6 3. Nc3 Nf6 4. e3 g6 5. Nf3 Bg7 6. Be2 O-O 7. O-O Be6 8. b3 c5
9. Ba3 dxc4 10. bxc4 cxd4 11. Nxd4 Bc8 12. Qb3 Re8 13. Rfd1 Nbd7 14. c5 Rb8 15.
Qa4 a6 16. c6 Nb6 17. Qa5 Qc7 18. Bf3 Nbd5 19. Qxc7 Nxc7 20. cxb7 Bxb7 21. Bc6
e5 22. Bxe8 exd4 23. Bxf7+ Kxf7 24. exd4 Nb5 25. Nxb5 axb5 26. Rab1 Be4 27. Rb2
Nd5 28. Bc5 Rb7 29. Re1 Bd3 30. a4 b4 31. a5 b3 32. Ra1 Bc2 33. a6 Rb8 34. a7
Ra8 35. g3 Bf8 36. Kf1 Bxc5 37. dxc5 Nb4 38. Ke2 Ke6 39. Kd2 Kd5 40. Kc3 Nc6
41. h4 Kxc5 42. h5 Rxa7 43. Rxa7 Nxa7 44. hxg6 hxg6 45. f4 Nb5+ 46. Kd2 Na3 0-1

[Event "Moscow Open 2007"]
[Site "Moscow"]
[Date "2007.01.28"]
[Round "2"]
[White "Savina, Anastasia"]
[Black "Kislov, Oleg"]
[Result "1-0"]
[WhiteElo "2153"]
[BlackElo "2324"]
[PlyCount "41"]
[EventDate "2007.??.??"]

1. d4 d5 2. c4 dxc4 3. Nf3 Nf6 4. e3 e6 5. Bxc4 c5 6. O-O a6 7. Bb3 Be7 8. Nc3
b5 9. Qe2 Bb7 10. Rd1 Nbd7 11. e4 b4 12. d5 bxc3 13. dxe6 fxe6 14. Ng5 c2 15.
Qxc2 Qb6 16. Nxe6 Bxe4 17. Qc3 Rg8 18. Qg3 Ra7 19. Nxg7+ Kd8 20. Bxg8 Nxg8 21.
Ne6+ 1-0

[Event "Moscow Open 2007"]
[Site "Moscow"]
[Date "2007.01.28"]
[Round "2"]
[White "Elfert, Aleksandr V"]
[Black "Fominykh, Maria"]
[Result "0-1"]
[WhiteElo "2114"]
[BlackElo "2316"]
[PlyCount "80"]
[EventDate "2007.??.??"]

1. g4 d5 2. Bg2 c6 3. e3 e5 4. d4 e4 5. c4 Qg5 6. h3 h5 7. f4 Qe7 8. g5 Qb4+ 9.
Bd2 Qxb2 10. Nc3 dxc4 11. Bxe4 Ne7 12. Nf3 Nf5 13. Rb1 Qa3 14. Bxf5 Bxf5 15.
Rxb7 Qa6 16. Rb1 Bxb1 17. Qxb1 Be7 18. Qe4 Nd7 19. O-O Kf8 20. Qf5 Qc8 21. Nh4
Kg8 22. Qe4 Bf8 23. f5 Nb6 24. Qg2 Qd7 25. Ne2 c5 26. Nf4 cxd4 27. f6 c3 28. g6
cxd2 29. fxg7 Bxg7 30. gxf7+ Qxf7 31. Nfg6 Qe6 32. Nf5 Kh7 33. Nge7 Rhg8 34.
Qe2 Bh6+ 35. Kh1 Qe4+ 36. Kh2 dxe3 37. Nxh6 Rg2+ 38. Qxg2 Qxg2+ 39. Kxg2 e2 40.
Rf6 e1=Q 0-1

[Event "Moscow Open 2007"]
[Site "Moscow"]
[Date "2007.01.28"]
[Round "2"]
[White "Prokopchuk, Yury"]
[Black "Rogovsky, Alexander"]
[Result "0-1"]
[WhiteElo "2316"]
[BlackElo "2117"]
[PlyCount "120"]
[EventDate "2007.??.??"]

1. Nf3 Nf6 2. c4 g6 3. Nc3 Bg7 4. e4 d6 5. d4 O-O 6. Be2 e5 7. dxe5 dxe5 8.
Qxd8 Rxd8 9. Nd5 Nxd5 10. cxd5 c6 11. Bc4 b5 12. Bb3 c5 13. Be3 c4 14. Bc2 Nd7
15. b3 cxb3 16. axb3 a6 17. Ke2 Bb7 18. b4 Bf8 19. Rhb1 Rdc8 20. Bd3 Rc7 21. g4
Re8 22. g5 Bxd5 23. exd5 e4 24. Rxa6 exd3+ 25. Kxd3 Ne5+ 26. Ke2 Nc4 27. Rd1
Bxb4 28. Nd4 Rb7 29. Kf3 Nxe3 30. fxe3 Bc5 31. Rc6 Bxd4 32. Rxd4 b4 33. Rc2 b3
34. Rb2 Kf8 35. e4 Ke7 36. Rd3 Reb8 37. Kf4 Rb4 38. Rf3 Kd6 39. Re3 Kc5 40. Ke5
Kc4 41. Kf6 Kd4 42. Ree2 R8b7 43. d6 Kc3 44. Ke5 Ra4 45. Red2 Rba7 46. Kd5 Ra2
47. Rxa2 Rxa2 48. Rd1 b2 49. Rb1 Ra1 50. Rxb2 Kxb2 51. d7 Ra8 52. Kd6 Kc3 53.
Ke7 Kd4 54. Kxf7 Kxe4 55. Kg7 Rd8 56. Kxh7 Kf5 57. h4 Rxd7+ 58. Kh6 Re7 59. h5
gxh5 60. g6 h4 0-1

[Event "Moscow Open 2007"]
[Site "Moscow"]
[Date "2007.01.28"]
[Round "2"]
[White "Stukopin, Andrey"]
[Black "Idrisova, Roza"]
[Result "1-0"]
[WhiteElo "2307"]
[BlackElo "2109"]
[PlyCount "197"]
[EventDate "2007.??.??"]

1. e4 c6 2. d4 d5 3. e5 Bf5 4. Nf3 e6 5. Be2 Nd7 6. O-O Ne7 7. Nh4 h6 8. Nxf5
Nxf5 9. c3 Be7 10. f4 g6 11. g4 Ng7 12. Be3 h5 13. h3 hxg4 14. hxg4 Qb6 15. b3
O-O-O 16. c4 Rh3 17. c5 Qc7 18. Bf3 Rdh8 19. Qe2 Qd8 20. Bg2 Rh2 21. Nd2 Qg8
22. Bf2 Ne8 23. b4 Nc7 24. a4 a6 25. Rfb1 Qh7 26. Bg3 Rh6 27. Nf3 Nb8 28. Kf2
Qg8 29. Qd2 Kd7 30. Bf1 Rh1 31. b5 axb5 32. axb5 Qc8 33. bxc6+ Nxc6 34. Qb2 Qb8
35. Kg2 R1h7 36. Qxb7 Qxb7 37. Rxb7 Rb8 38. Rb6 Rhh8 39. Rab1 Ra8 40. R1b2 Ra4
41. Bf2 Rha8 42. Bd3 Ra2 43. Rb1 R8a4 44. Rb7 Ra7 45. f5 gxf5 46. gxf5 Rxb7 47.
Rxb7 Kc8 48. Rb6 Nxd4 49. Nxd4 Rxf2+ 50. Kxf2 Bxc5 51. Rb1 Bxd4+ 52. Kg2 Bxe5
53. Re1 Bc3 54. Rc1 Be5 55. Kf3 Kd7 56. Kg4 Bd4 57. Bc2 Be5 58. Bb3 Ke7 59. Kg5
Ne8 60. Ba4 Nf6 61. Bc2 Bc3 62. Rb1 Bd2+ 63. Kh4 Bf4 64. Rb7+ Kf8 65. fxe6 fxe6
66. Bg6 Be5 67. Rf7+ Kg8 68. Re7 Bc3 69. Rxe6 Kg7 70. Bf5 Kf7 71. Rc6 Be1+ 72.
Kh3 Ne4 73. Be6+ Kg7 74. Bxd5 Nf6 75. Bc4 Bd2 76. Bd3 Bg5 77. Rc7+ Kf8 78. Bg6
Kg8 79. Kg3 Be3 80. Kf3 Bb6 81. Rb7 Bc5 82. Kf4 Nd5+ 83. Ke5 Ne7 84. Be4 Kf7
85. Bf5 Kf8 86. Be6 Bf2 87. Rb3 Kg7 88. Rf3 Ng6+ 89. Ke4 Be1 90. Rf7+ Kh6 91.
Kf5 Nh4+ 92. Kg4 Ng6 93. Rb7 Bc3 94. Bf5 Ne5+ 95. Kf4 Ng6+ 96. Ke4 Kg5 97. Rb3
Be1 98. Rb1 Bf2 99. Rb2 1-0

[Event "Moscow Open 2007"]
[Site "Moscow"]
[Date "2007.01.28"]
[Round "2"]
[White "Egorov, Dmitry"]
[Black "Popelyshev, Igor V"]
[Result "1-0"]
[WhiteElo "2305"]
[BlackElo "2106"]
[PlyCount "49"]
[EventDate "2007.??.??"]

1. e4 c5 2. Nf3 Nf6 3. e5 Nd5 4. d4 e6 5. c4 Nc7 6. Nc3 d5 7. exd6 Qxd6 8. Ne4
Qc6 9. Bd3 cxd4 10. O-O Qb6 11. Bf4 f5 12. c5 Qa5 13. Nd6+ Bxd6 14. Bxd6 Nc6
15. a3 Nd5 16. Re1 g6 17. b4 Qd8 18. b5 Nce7 19. Nxd4 Kf7 20. Nf3 h6 21. Bc4
Re8 22. Qd4 Nf6 23. Rad1 Ned5 24. Qh4 Ne4 25. Qxh6 1-0

[Event "Moscow Open 2007"]
[Site "Moscow"]
[Date "2007.01.28"]
[Round "2"]
[White "Bukhteeva, Viktoria"]
[Black "Velikhanli, Firuza"]
[Result "0-1"]
[WhiteElo "2109"]
[BlackElo "2304"]
[PlyCount "112"]
[EventDate "2007.??.??"]

1. e4 d6 2. d4 Nf6 3. Nc3 g6 4. g3 Bg7 5. Bg2 O-O 6. Nge2 Nbd7 7. h3 e5 8. Be3
c6 9. a4 Re8 10. O-O Qe7 11. a5 exd4 12. Bxd4 Nc5 13. f3 Bd7 14. Qd2 Rad8 15.
b4 Na6 16. Bxa7 Nxb4 17. Rab1 c5 18. Bb6 Rc8 19. Rfd1 Bf8 20. Re1 Be6 21. Rbd1
Nd7 22. Nf4 Nxb6 23. axb6 Qd8 24. Rb1 Bg7 25. Nce2 d5 26. exd5 Nxd5 27. Nxd5
Qxd5 28. Qxd5 Bxd5 29. Nf4 Bd4+ 30. Kh2 Bc6 31. Nd3 Kf8 32. Rxe8+ Rxe8 33. c3
Be3 34. f4 Bxg2 35. Kxg2 Rd8 36. Ne5 Bd2 37. Rd1 Ke7 38. Nc4 Bxc3 39. Rxd8 Kxd8
40. Nd6 Kd7 41. Nxb7 Bb4 42. Kf3 c4 43. Ke4 c3 44. Kd3 Kc8 45. Nd6+ Bxd6 46.
Kxc3 Bc5 47. Kc4 Bxb6 48. Kd5 Kd7 49. g4 Bc7 50. f5 gxf5 51. gxf5 Ke7 52. Ke4
Kf6 53. h4 h5 54. Kf3 Kxf5 55. Kf2 Kg4 56. Kg2 f5 0-1

[Event "Moscow Open 2007"]
[Site "Moscow"]
[Date "2007.01.28"]
[Round "2"]
[White "Grigoriadis, Alexand"]
[Black "Gvilava, Maya"]
[Result "1-0"]
[WhiteElo "2304"]
[BlackElo "2098"]
[PlyCount "77"]
[EventDate "2007.??.??"]

1. c4 Nf6 2. Nf3 g6 3. g3 Bg7 4. Bg2 O-O 5. O-O c6 6. d4 d5 7. Qb3 dxc4 8. Qxc4
Be6 9. Qb4 b6 10. Rd1 Nd5 11. Qe1 Na6 12. Ng5 Bc8 13. Na3 Bb7 14. e4 Ndc7 15.
Be3 e6 16. Nc4 Qe7 17. Rac1 Rad8 18. e5 Nd5 19. Ne4 h6 20. a3 Nac7 21. b4 Ba8
22. h4 Nxe3 23. Qxe3 Nd5 24. Qe2 Rd7 25. h5 g5 26. Ned6 f5 27. Ne3 f4 28. Ng4
Kh8 29. Be4 Rxd6 30. exd6 Qxd6 31. Kh2 Ne7 32. b5 Nf5 33. Bxf5 exf5 34. Ne5
fxg3+ 35. fxg3 Bxe5 36. Qxe5+ Qxe5 37. dxe5 cxb5 38. e6 Bf3 39. e7 1-0

[Event "Moscow Open 2007"]
[Site "Moscow"]
[Date "2007.01.28"]
[Round "2"]
[White "Kedrov, Valery V"]
[Black "Kassimski, Kiril"]
[Result "1/2-1/2"]
[WhiteElo "2300"]
[BlackElo "2088"]
[PlyCount "147"]
[EventDate "2007.??.??"]

1. e4 c5 2. Nf3 Nc6 3. c3 Nf6 4. e5 Nd5 5. d4 cxd4 6. Bc4 Nb6 7. Bb3 d6 8. exd6
Qxd6 9. O-O g6 10. cxd4 Bg7 11. Nc3 O-O 12. Re1 Bg4 13. Be3 Rad8 14. h3 Bxf3
15. Qxf3 Nxd4 16. Bxd4 Bxd4 17. Nb5 Qf6 18. Nxd4 Rxd4 19. Qxf6 exf6 20. Re7 Rd7
21. Rxd7 Nxd7 22. Rc1 b6 23. Rc7 Nc5 24. Bc4 a5 25. Rc6 Nd7 26. Rd6 Ne5 27. Ba6
Ra8 28. Rxb6 Kg7 29. Rd6 Ra7 30. Bb5 g5 31. b3 Rc7 32. Ra6 Rc5 33. Bf1 Nc6 34.
a3 Rc1 35. g3 f5 36. Kg2 Rc5 37. Rb6 f4 38. gxf4 gxf4 39. Rb5 Rxb5 40. Bxb5 Nd4
41. Bc4 Nc2 42. Kf3 Nxa3 43. Bd3 h6 44. Kxf4 Kf6 45. h4 Ke6 46. Ke4 Kd6 47. Kd4
Kc6 48. Be4+ Kd6 49. Bd3 Kc6 50. f4 Nb5+ 51. Ke5 Nd6 52. Kf6 Kd5 53. h5 Kd4 54.
Bc2 Kc3 55. Bd1 Kd2 56. Bg4 Ke3 57. Ke5 Ne4 58. f5 f6+ 59. Ke6 Kf4 60. Bd1 Kg5
61. Bc2 Nc3 62. Kd6 Kxh5 63. Kc5 Kg5 64. Kb6 a4 65. bxa4 Nxa4+ 66. Bxa4 Kxf5
67. Kc5 Kf4 68. Kd4 h5 69. Bc6 h4 70. Kd3 f5 71. Ke2 Kg3 72. Kf1 f4 73. Kg1 h3
74. Bd5 1/2-1/2

[Event "Moscow Open 2007"]
[Site "Moscow"]
[Date "2007.01.28"]
[Round "2"]
[White "Samedov, Alim"]
[Black "Pletnev, Evgeniy"]
[Result "0-1"]
[WhiteElo "2104"]
[BlackElo "2299"]
[PlyCount "98"]
[EventDate "2007.??.??"]

1. d4 f5 2. Nc3 d5 3. g3 e6 4. Nf3 Nf6 5. Bg5 Be7 6. e3 O-O 7. Bg2 Nbd7 8. a3
c6 9. Bf4 Ne4 10. Be5 Qa5 11. O-O Nxc3 12. Qd2 Nb6 13. b4 Ne2+ 14. Qxe2 Qa4 15.
Qd3 a5 16. bxa5 Nc4 17. Bc7 Nxa5 18. Bxa5 Rxa5 19. Ra2 b6 20. Rfa1 Bd6 21. Nd2
Ba6 22. Qb3 Ra8 23. Qxa4 Rxa4 24. Rb2 Bb5 25. Nb1 Bxa3 26. Rba2 Bb2 27. Rxa4
Rxa4 28. Rxa4 Bxa4 29. Bf1 Bxc2 30. Nd2 Bd1 31. Ba6 Bc3 32. Nf1 b5 33. Bb7 b4
34. Bxc6 b3 35. Bb5 Kf7 36. f4 Bf3 37. Kf2 Be4 38. Ke2 b2 39. Nd2 Bxd2 40. Bd3
Bxd3+ 41. Kxd3 b1=Q+ 42. Kxd2 Ke7 43. h3 Kd6 44. g4 Kc6 45. g5 Kb5 46. h4 Kc4
47. Ke2 Qg1 48. h5 Qg2+ 49. Ke1 Kd3 0-1

[Event "Moscow Open 2007"]
[Site "Moscow"]
[Date "2007.01.28"]
[Round "2"]
[White "Kurdakov, Yuri"]
[Black "Kreines, Mikhail"]
[Result "1-0"]
[WhiteElo "2282"]
[BlackElo "2088"]
[PlyCount "41"]
[EventDate "2007.??.??"]

1. Nf3 Nc6 2. c4 e5 3. Nc3 Bc5 4. e3 Nge7 5. a3 a5 6. d4 exd4 7. exd4 Ba7 8. d5
Nb8 9. d6 cxd6 10. Be2 Bc5 11. O-O O-O 12. Bg5 f6 13. Bf4 Qb6 14. Rb1 Na6 15.
Ne4 d5 16. cxd5 d6 17. Bxa6 bxa6 18. b4 axb4 19. axb4 Bxb4 20. Bxd6 Bf5 21.
Bxe7 1-0

[Event "Moscow Open 2007"]
[Site "Moscow"]
[Date "2007.01.28"]
[Round "2"]
[White "Losev, Sergey"]
[Black "Shamugia, Shavleg"]
[Result "0-1"]
[WhiteElo "2080"]
[BlackElo "2277"]
[PlyCount "69"]
[EventDate "2007.??.??"]

1. d4 d6 2. c4 Nf6 3. Nc3 g6 4. e4 Bg7 5. f4 O-O 6. Nf3 c5 7. d5 b5 8. e5 dxe5
9. fxe5 Ng4 10. Nxb5 Nxe5 11. Nxe5 Bxe5 12. Bd3 e6 13. Qf3 Bb7 14. O-O Nd7 15.
Nc3 Bg7 16. Qh3 exd5 17. Nxd5 Ne5 18. Bf4 Bxd5 19. cxd5 Nxd3 20. Qxd3 Bd4+ 21.
Kh1 Qxd5 22. Bh6 Rfd8 23. Rad1 Qxa2 24. b3 Rab8 25. Rxf7 Qxb3 26. Qxb3 Rxb3 27.
Rdf1 Rb1 28. g3 Rxf1+ 29. Rxf1 a5 30. Rf3 a4 31. Ra3 Ra8 32. Bc1 Kf7 33. Rf3+
Ke6 34. Ba3 Rb8 35. g4 0-1

[Event "Moscow Open 2007"]
[Site "Moscow"]
[Date "2007.01.28"]
[Round "2"]
[White "Ovsiannikov, Maxim"]
[Black "Loginov, Anton"]
[Result "1/2-1/2"]
[WhiteElo "2058"]
[BlackElo "2243"]
[PlyCount "48"]
[EventDate "2007.??.??"]

1. c4 e5 2. Nc3 Nf6 3. Nf3 Nc6 4. g3 Bb4 5. Bg2 Bxc3 6. bxc3 O-O 7. O-O d6 8.
d3 e4 9. Nd4 Ne5 10. Bg5 exd3 11. exd3 h6 12. Bc1 c5 13. Ne2 Bf5 14. Nf4 Rb8
15. Qa4 Nxd3 16. Nxd3 Bxd3 17. Rd1 Be2 18. Re1 Re8 19. Be3 Bg4 20. Qxa7 Bf5 21.
Bf4 Be4 22. Bxe4 Nxe4 23. Re3 g5 24. f3 Nf6 1/2-1/2